Türkiye'de yeni kapitalizm : (Record no. 13554)

MARC details
000 -BAŞLIK
Sabit Uzunlukta Kontrol Alanı 00997nam a2200289 4500
999 ## - SİSTEM KONTROL NUMARALARI (KOHA)
Koha Biblionumber 13554
Koha Biblioitemnumber 13554
003 - KONTROL NUMARASI IDENTIFIER
Denetim Alanı MIRAKIL
005 - SON İŞLEM TARİHİ VE ZAMANI
Denetim Alanı 20211214000616.0
008 - SABİT-BOY VERİ ELEMANLARI - GENEL BİLGİLER
Sabit Uzunlukta Kontrol Alanı 191022b tu ||||| |||| 00| 0 tur d
020 ## - ULUSLARARASI STANDART KİTAP NUMARASI
Uluslararası Standart Kitap Numarası 9789750516771
040 ## - KATALOGLAMA KAYNAK
Orijinal Kataloglama Ajansı TR-AnCHP
Metne Dönüştürmek Ajansı TR-AnCHP
041 ## - DİL KODU
Metin / Ses Parça Veya Ayrı Başlığın Dil Kodu tur
082 ## - DEWEY ONLU SINIFLANDIRMA NUMARASI
Sınıflandırma Numarası 320.9561
Ürün Numarası B83t 2015
100 1# - ANA GİRİŞ - KİŞİSEL İSİM
Kişisel Ad Buğra, Ayşe
245 10 - BAŞLIK TABLOSU
Başlık Türkiye'de yeni kapitalizm :
Başlığın Kalan siyaset, din ve iş dünyası /
Sorumluluk Tablosu, Vb Ayşe Buğra, Osman Savaşkan ; çeviren: Bülent Doğan.
246 ## - UNVAN FORM VARYING
Başlık Doğru / Kısa Başlığı siyaset, din ve iş dünyası
250 ## - EDITION TABLOSU
Baskı Beyanı 3 bs.
260 ## - YAYIN, DAĞITIM, VB
Yayın, Dağıtım, Vb Yeri İstanbul :
Yayıncı, Dağıtıcı, Vs Adı İletişim yayınları,
Yayın, Dağıtım, Vb Tarihi 2015.
Üretici Firma Sena Ofset.
300 ## - FİZİKSEL TANIM
Kapsam 296 s.:
Boyutlar 20 sm.
490 0# - SERİSİ TABLOSU
Seri Beyanı İletişim yayınları;
-- Araştırma-İnceleme dizisi ;
Hacim / Ardışık Tanımı 2087.
-- 349.
504 ## - KAYNAKÇA VB NOT
Kaynakça Vb Notu Kaynakça ve dizin vardır.
650 #0 - KONU KATMA GİRİŞ - TOPİKAL DÖNEM
Topikal Süreli Veya Coğrafi Ad Giriş Elemanı Siyaset ve yönetim
Genel Alt Bölümü Türkiye
9 (RLIN) 9
650 #0 - KONU KATMA GİRİŞ - TOPİKAL DÖNEM
9 (RLIN) 583
Topikal Süreli Veya Coğrafi Ad Giriş Elemanı Kapitalizm
Genel Alt Bölümü Türkiye
700 ## - KATMA GİRİŞ - KİŞİSEL İSİM
9 (RLIN) 6038
Kişisel Ad Savaşkan, Osman
700 ## - KATMA GİRİŞ - KİŞİSEL İSİM
9 (RLIN) 6039
Kişisel Ad Doğan, Bülent
Relator Terim çev.
740 ## - KATMA GİRİŞ - KONTROLSUZ İLGİLİ / ANALİTİK BAŞLIK
Kontrol Edilmeyen / İlgili Analitik Başlıktaki siyaset, din ve iş dünyası
942 ## - EKLENDİ GİRİŞ ELEMANLARI (KOHA)
Sınıflandırma Veya Raf Düzeni Kaynak Dewey Decimal Classification
Koha Öğesi Türü Books
Holdings
Kalıcı Konum Mevcut Konum Edinme Tarihi Toplam Check-Out'Lar Tam Çağrı Numarası Barkod Tarih Son Görülme İtibaren Geçerli Fiyatlar Koha Öğesi Türü
CHP Kütüphanesi CHP Kütüphanesi 10/22/2019   320.9561 B83t 2015 011822 10/22/2019 10/22/2019 Books